Focus : (Record no. 60181)

MARC details
000 -LEADER
fixed length control field 00599nam a2200193 4500
005 - DATE AND TIME OF LATEST TRANSACTION
control field 20260212135819.0
008 - FIXED-LENGTH DATA ELEMENTS--GENERAL INFORMATION
fixed length control field 260212b |||||||| |||| 00| 0 eng d
020 ## - INTERNATIONAL STANDARD BOOK NUMBER
International Standard Book Number 9780062114860
050 ## - LIBRARY OF CONGRESS CALL NUMBER
Classification number BF321
Item number .G65 2013
100 ## - MAIN ENTRY--PERSONAL NAME
Personal name Goleman, Daniel
245 ## - TITLE STATEMENT
Title Focus :
Remainder of title the hidden driver of excellence /
250 ## - EDITION STATEMENT
Edition statement First edition.
260 ## - PUBLICATION, DISTRIBUTION, ETC. (IMPRINT)
Place of publication, distribution, etc New York :
Name of publisher, distributor, etc Harper,
Date of publication, distribution, etc 2013
300 ## - PHYSICAL DESCRIPTION
Extent vii, 311 pages :
Other physical details illustration ;
Dimensions 24 cm
500 ## - GENERAL NOTE
General note Includes bibliographical references (pages 261-265) and index.
650 ## - SUBJECT ADDED ENTRY--TOPICAL TERM
Topical term or geographic name as entry element Attention.
650 ## - SUBJECT ADDED ENTRY--TOPICAL TERM
Topical term or geographic name as entry element Thought and thinking.
942 ## - ADDED ENTRY ELEMENTS (KOHA)
Source of classification or shelving scheme Library of Congress Classification
Item type Book
Holdings
Withdrawn status Lost status Source of classification or shelving scheme Damaged status Not for loan Collection code Home library Current library Shelving location Date acquired Source of acquisition Total Checkouts Full call number Barcode Date last seen Date last borrowed Copy number Price effective from Koha item type
    Library of Congress Classification     Non-fiction Bishop Okullu Memorial Library (Limuru Campus) Bishop Okullu Memorial Library (Limuru Campus) General Circulation 12/02/2026 Donation- Pittsburgh 1 BF321 .G65 2013 073105 13/04/2026 25/03/2026 1 12/02/2026 Book